[Event "Czech Fed-ch opA"]
[Site "Hrdonov"]
[Date "2013.11.01"]
[Round "8"]
[White "Paukert, Jan"]
[Black "Rezac, Jindrich"]
[Result "0-1"]
[WhiteElo "1894"]
[BlackElo "1887"]
[PlyCount "116"]
[EventDate "2013.10.26"]
[EventType "swiss"]
[EventRounds "9"]
[EventCountry "CZE"]
[SourceTitle "EXT 2016"]
[Source "ChessBase"]
[SourceDate "2015.10.08"]
[SourceVersion "1"]
[SourceVersionDate "2015.10.08"]
[SourceQuality "1"]

1. d4 d5 2. c4 e6 3. Nf3 Nf6 4. g3 Be7 5. Bg2 0-0 6. 0-0 c6 7. b3 Nbd7 8. Qc2 Ne4 9. Nfd2 f5 10. Nxe4 fxe4 11. Ba3 Bxa3 12. Nxa3 Qe7 13. Qb2 Nf6 14. Nc2 Bd7 15. Ne3 Rae8 16. Rad1 a6 17. f3 exf3 18. exf3 e5 19. Rfe1 exd4 20. Qxd4 dxc4 21. Qxc4+ Qf7 22. Qxf7+ Rxf7 23. Nc4 Rfe7 24. Rxe7 Rxe7 25. Kf2 Nd5 26. f4 Be6 27. Ne5 Nf6 28. Rd8+ Re8 29. Rxe8+ Nxe8 30. Ke3 Kf8 31. Kd4 Ke7 32. Kc5 Bc8 33. b4 Nc7 34. Be4 g6 35. Bf3 Ne8 36. a4 Nd6 37. Be2 Ne4+ 38. Kb6 Nc3 39. Bf3 Kd8 40. b5 Nxa4+ 41. Ka5 axb5 42. Nf7+ Ke7 43. Ne5 Kd6 44. Kb4 Nb6 45. Nf7+ Ke7 46. Ne5 Nd7 47. Nxc6+ bxc6 48. Bxc6 Nf6 49. Bxb5 Ng4 50. h4 Ne3 51. Bd3 Nf5 52. g4 Nxh4 53. f5 Nxf5 54. gxf5 Bxf5 55. Be2 Ke6 56. Kc3 Ke5 57. Kd2 Kf4 58. Ke1 Kg3 0-1

[Event "Czech Fed-ch opA"]
[Site "Hrdonov"]
[Date "2013.10.29"]
[Round "5"]
[White "Hanzlik, Daniel"]
[Black "Paukert, Jan"]
[Result "1-0"]
[WhiteElo "1772"]
[BlackElo "1894"]
[PlyCount "72"]
[EventDate "2013.10.26"]
[EventType "swiss"]
[EventRounds "9"]
[EventCountry "CZE"]
[SourceTitle "EXT 2016"]
[Source "ChessBase"]
[SourceDate "2015.10.08"]
[SourceVersion "1"]
[SourceVersionDate "2015.10.08"]
[SourceQuality "1"]

1. e4 e5 2. Nf3 Nc6 3. Bc4 Nf6 4. d3 Be7 5. 0-0 d6 6. c3 0-0 7. Bb3 h6 8. Nbd2 Bg4 9. h3 Bh5 10. Re1 Qd7 11. Nf1 Bxf3 12. Qxf3 Kh7 13. Ng3 g6 14. Qe3 Ng8 15. Bd2 Bg5 16. Qe2 Bxd2 17. Qxd2 f5 18. exf5 gxf5 19. f4 Nf6 20. Qf2 Kg6 21. Re3 Rae8 22. Rf1 e4 23. dxe4 fxe4 24. f5+ Kh7 25. Be6 Qg7 26. Nxe4 Nxe4 27. Rxe4 Qf6 28. Rg4 Ne5 29. Rg3 Re7 30. b3 b6 31. a4 a5 32. b4 axb4 33. cxb4 Nc6 34. Rg4 Ne5 35. Rg3 Nc6 36. Rg4 Ne5 1-0

[Event "Ricany op"]
[Site "Ricany"]
[Date "2013.08.29"]
[Round "7"]
[White "Paukert, Jan"]
[Black "Rihova, Kamila"]
[Result "1/2-1/2"]
[WhiteElo "1900"]
[BlackElo "1687"]
[PlyCount "25"]
[EventDate "2013.08.24"]
[EventType "swiss"]
[EventRounds "9"]
[EventCountry "CZE"]
[SourceTitle "EXT 2022"]
[Source "ChessBase"]
[SourceDate "2021.10.06"]
[SourceVersion "1"]
[SourceVersionDate "2021.10.06"]
[SourceQuality "1"]

1. d4 Nf6 2. Nf3 e6 3. g3 b5 4. Bg2 Bb7 5. 0-0 c5 6. a4 a6 7. c3 b4 8. dxc5 Bxc5 9. Bf4 d5 10. Ne5 Nc6 11. a5 0-0 12. Nxc6 Bxc6 13. Be5 1/2-1/2

[Event "Ricany op"]
[Site "Ricany"]
[Date "2013.08.26"]
[Round "4"]
[White "Kolasin, Jan"]
[Black "Paukert, Jan"]
[Result "1-0"]
[WhiteElo "2038"]
[BlackElo "1900"]
[PlyCount "88"]
[EventDate "2013.08.24"]
[EventType "swiss"]
[EventRounds "9"]
[EventCountry "CZE"]
[SourceTitle "EXT 2022"]
[Source "ChessBase"]
[SourceDate "2021.10.06"]
[SourceVersion "1"]
[SourceVersionDate "2021.10.06"]
[SourceQuality "1"]

1. Nf3 d5 2. g3 Nf6 3. Bg2 g6 4. 0-0 Bg7 5. d3 0-0 6. Nbd2 b6 7. c4 Bb7 8. Rb1 c5 9. b4 cxb4 10. Rxb4 Nbd7 11. d4 dxc4 12. Rxc4 Bd5 13. Rc2 Rc8 14. Ba3 Re8 15. Qb1 Rxc2 16. Qxc2 Qa8 17. Rc1 Bb7 18. Qa4 e5 19. Bh3 Qd8 20. Qxa7 Qa8 21. Qxa8 Rxa8 22. Be7 exd4 23. Rc7 Bxf3 24. Nxf3 Nc5 25. Bxc5 bxc5 26. Rxc5 Rxa2 27. Nxd4 Ne4 28. Rc8+ Bf8 29. Bg4 Kg7 30. Bf3 Nc5 31. h4 Ra7 32. h5 Rd7 33. Nc6 Bd6 34. Kg2 Ne6 35. Ra8 Bc5 36. Ne5 Ra7 37. Rc8 Rc7 38. Rb8 Nd4 39. hxg6 hxg6 40. Nd3 Ba7 41. Rd8 f6 42. Nf4 g5 43. Rxd4 Bxd4 44. Ne6+ Kf7 1-0

[Event "Ricany op"]
[Site "Ricany"]
[Date "2013.08.24"]
[Round "1"]
[White "Paukert, Jan"]
[Black "Kohout, Vratislav"]
[Result "0-1"]
[WhiteElo "1900"]
[BlackElo "2112"]
[PlyCount "50"]
[EventDate "2013.08.24"]
[EventType "swiss"]
[EventRounds "9"]
[EventCountry "CZE"]
[SourceTitle "EXT 2022"]
[Source "ChessBase"]
[SourceDate "2021.10.06"]
[SourceVersion "1"]
[SourceVersionDate "2021.10.06"]
[SourceQuality "1"]

1. d4 d5 2. Nf3 Nf6 3. g3 c6 4. Bg2 Bf5 5. 0-0 Nbd7 6. b3 e6 7. c4 h6 8. Bb2 Be7 9. Nbd2 0-0 10. Ne5 Bh7 11. Nxd7 Qxd7 12. f3 c5 13. e4 dxe4 14. fxe4 cxd4 15. e5 Ne8 16. Qg4 Rd8 17. Ne4 f5 18. exf6 Nxf6 19. Nxf6+ Bxf6 20. Rad1 e5 21. Bd5+ Kh8 22. Qf3 Qe7 23. Rfe1 Bg5 24. Qg4 Be3+ 25. Kh1 Bf5 0-1

[Event "Ricany op"]
[Site "Ricany"]
[Date "2012.08.31"]
[Round "7"]
[White "Hrdina, Robin"]
[Black "Paukert, Jan"]
[Result "1-0"]
[WhiteElo "2024"]
[BlackElo "1896"]
[PlyCount "63"]
[EventDate "2012.08.26"]
[EventType "swiss"]
[EventRounds "9"]
[EventCountry "CZE"]
[SourceTitle "CBM 150 Extra"]
[Source "ChessBase"]
[SourceDate "2012.10.19"]
[SourceVersion "1"]
[SourceVersionDate "2012.10.19"]
[SourceQuality "1"]

1. e4 e6 2. d4 d5 3. Nd2 Nf6 4. e5 Nfd7 5. Bd3 c5 6. c3 Nc6 7. Ne2 Qb6 8. Nf3 Be7 9. 0-0 f6 10. exf6 Nxf6 11. a3 0-0 12. Re1 cxd4 13. cxd4 Bd6 14. Nc3 Bd7 15. Be3 a6 16. Qc2 Qc7 17. Rad1 e5 18. dxe5 Nxe5 19. Nxe5 Bxe5 20. Nxd5 Bxh2+ 21. Kh1 Nxd5 22. Bxh7+ Kh8 23. Rxd5 Be8 24. Rd4 Be5 25. Rh4 Qe7 26. Rh3 Bd7 27. Bf5+ Kg8 28. Bxd7 Qxd7 29. Qh7+ Kf7 30. Qh5+ Kf6 31. Rf3+ Ke6 32. Qg4+ 1-0

[Event "Prague op-A 11th"]
[Site "Prague"]
[Date "2012.01.19"]
[Round "8"]
[White "Nguyen, Thai Dai Van"]
[Black "Paukert, Jan"]
[Result "1-0"]
[WhiteElo "1784"]
[BlackElo "1914"]
[PlyCount "43"]
[EventDate "2012.01.13"]
[EventType "swiss"]
[EventRounds "9"]
[EventCountry "CZE"]
[SourceTitle "CBM 146 Extra"]
[Source "ChessBase"]
[SourceDate "2012.02.29"]
[SourceVersion "1"]
[SourceVersionDate "2012.02.29"]
[SourceQuality "1"]

1. e4 e5 2. f4 d5 3. exd5 e4 4. d3 Nf6 5. dxe4 Nxe4 6. Nf3 Bc5 7. Qe2 Qe7 8. Nc3 Bf5 9. Be3 Bxe3 10. Qxe3 Nxc3 11. Qxe7+ Kxe7 12. bxc3 Be4 13. Ng5 Bxd5 14. 0-0-0 Be6 15. f5 Bxf5 16. Bc4 Kf6 17. Nxf7 Rf8 18. Rhf1 Kg6 19. g4 Rxf7 20. Bxf7+ Kxf7 21. Rxf5+ Kg6 22. Rd8 1-0

[Event "Prague op-A 11th"]
[Site "Prague"]
[Date "2012.01.14"]
[Round "2"]
[White "Novy, Filip"]
[Black "Paukert, Jan"]
[Result "1/2-1/2"]
[WhiteElo "1639"]
[BlackElo "1914"]
[PlyCount "58"]
[EventDate "2012.01.13"]
[EventType "swiss"]
[EventRounds "9"]
[EventCountry "CZE"]
[SourceTitle "CBM 146 Extra"]
[Source "ChessBase"]
[SourceDate "2012.02.29"]
[SourceVersion "1"]
[SourceVersionDate "2012.02.29"]
[SourceQuality "1"]

1. e4 e5 2. Nf3 Nc6 3. Bc4 Nf6 4. d4 exd4 5. e5 d5 6. Bb5 Ne4 7. Nxd4 Bd7 8. Bxc6 bxc6 9. 0-0 Be7 10. f3 Ng5 11. f4 Ne4 12. Nc3 Nxc3 13. bxc3 c5 14. Nb3 Bf5 15. Be3 c4 16. Nd4 Be4 17. Qg4 g6 18. Rf2 h5 19. Qh3 c5 20. Nc6 Qc7 21. Nxe7 Qxe7 22. g3 Rb8 23. Qf1 0-0 24. Rd2 Rb2 25. Qf2 Rfb8 26. Bxc5 Rb1+ 27. Rd1 Rxd1+ 28. Rxd1 Qb7 29. Ba3 Qb6 1/2-1/2

[Event "Ricany op-A"]
[Site "Ricany"]
[Date "2011.08.27"]
[Round "9"]
[White "Horak, Vladimir"]
[Black "Paukert, Jan"]
[Result "1/2-1/2"]
[WhiteElo "2043"]
[BlackElo "1911"]
[PlyCount "32"]
[EventDate "2011.08.20"]
[EventType "swiss"]
[EventRounds "9"]
[EventCountry "CZE"]
[SourceTitle "CBM 144 Extra"]
[Source "ChessBase"]
[SourceDate "2011.10.28"]
[SourceVersion "1"]
[SourceVersionDate "2011.10.28"]
[SourceQuality "1"]

1. Nf3 d5 2. d4 Nf6 3. e3 g6 4. c4 Bg7 5. Nc3 0-0 6. Qb3 dxc4 7. Bxc4 Nc6 8. Qc2 Bf5 9. Qe2 Na5 10. Nh4 Bg4 11. f3 Nxc4 12. fxg4 Nd6 13. e4 e5 14. dxe5 Nfxe4 15. Nf3 Nxc3 16. bxc3 Nc8 1/2-1/2

[Event "Ricany op-A"]
[Site "Ricany"]
[Date "2011.08.26"]
[Round "8"]
[White "Paukert, Jan"]
[Black "Cerny, Michal"]
[Result "1-0"]
[WhiteElo "1911"]
[BlackElo "1806"]
[PlyCount "49"]
[EventDate "2011.08.20"]
[EventType "swiss"]
[EventRounds "9"]
[EventCountry "CZE"]
[SourceTitle "CBM 144 Extra"]
[Source "ChessBase"]
[SourceDate "2011.10.28"]
[SourceVersion "1"]
[SourceVersionDate "2011.10.28"]
[SourceQuality "1"]

1. d4 Nf6 2. Nf3 c5 3. d5 b5 4. e4 Nxe4 5. Nbd2 Nxd2 6. Bxd2 a6 7. c4 b4 8. Bd3 d6 9. Qe2 g6 10. Bg5 Bg7 11. 0-0 Nd7 12. Rae1 Ne5 13. Nxe5 Bxe5 14. f4 Bd4+ 15. Kh1 Ra7 16. f5 Be5 17. Qf3 0-0 18. Bh6 Bg7 19. Bxg7 Kxg7 20. Re3 e5 21. f6+ Kh8 22. Qg3 Rg8 23. Qh4 h5 24. Qg5 Qf8 25. Rff3 1-0

[Event "Prague op-B 10th"]
[Site "Prague"]
[Date "2011.01.13"]
[Round "8"]
[White "Paukert, Jan"]
[Black "Litvinova, Oxana"]
[Result "0-1"]
[WhiteElo "1947"]
[BlackElo "1652"]
[PlyCount "124"]
[EventDate "2011.01.07"]
[EventType "swiss"]
[EventRounds "9"]
[EventCountry "CZE"]
[SourceTitle "CBM 140 Extra"]
[Source "ChessBase"]
[SourceDate "2011.03.01"]
[SourceVersion "1"]
[SourceVersionDate "2011.03.01"]
[SourceQuality "1"]

1. d4 d5 2. Nf3 c5 3. g3 cxd4 4. Bg2 h6 5. 0-0 Nf6 6. Nxd4 e5 7. Nf3 Nc6 8. c4 Be6 9. cxd5 Nxd5 10. a3 Be7 11. b4 Bf6 12. e4 Nb6 13. Nc3 0-0 14. Be3 Nd4 15. Nd2 Rc8 16. Bxd4 exd4 17. Na4 d3 18. Nxb6 Qxb6 19. Rc1 Bb2 20. Rb1 Rc2 21. Nf3 Ba2 22. Rxb2 Rxb2 23. Qxd3 Rc8 24. Ne5 Rcc2 25. Nd7 Qc7 26. Rd1 Rxf2 27. Bh1 Be6 28. Nc5 Bh3 29. Bf3 Rxh2 30. Qd8+ Qxd8 31. Rxd8+ Kh7 32. e5 Rhc2 33. Rd1 Bg2 34. Bg4 Rd2 35. Re1 Bd5 36. Bh3 Rh2 37. Bf5+ g6 38. Be4 Bxe4 39. Nxe4 Rhe2 40. Rxe2 Rxe2 41. Nf6+ Kg7 42. Ne8+ Kf8 43. Nf6 Ra2 44. Nd7+ Ke7 45. Nc5 b6 46. Nb3 Rxa3 47. Nd4 Rxg3+ 48. Kf2 Ra3 49. Nb5 Ra2+ 50. Ke3 a5 51. bxa5 bxa5 52. Nd4 h5 53. Nc6+ Ke6 54. Nd8+ Kxe5 55. Nxf7+ Kf6 56. Nd6 h4 57. Kf3 h3 58. Kg3 h2 59. Ne4+ Ke5 60. Ng5 h1Q 61. Nf3+ Qxf3+ 62. Kxf3 a4 0-1

[Event "Ricany op"]
[Site "Ricany"]
[Date "2010.08.28"]
[Round "9"]
[White "Paukert, Jan"]
[Black "Kohout, Vratislav"]
[Result "1-0"]
[WhiteElo "1928"]
[BlackElo "2199"]
[PlyCount "99"]
[EventDate "2010.08.21"]
[EventType "swiss"]
[EventRounds "9"]
[EventCountry "CZE"]
[SourceTitle "EXT 2022"]
[Source "ChessBase"]
[SourceDate "2021.10.06"]
[SourceVersion "1"]
[SourceVersionDate "2021.10.06"]
[SourceQuality "1"]

1. d4 d5 2. Nf3 c6 3. g3 Nf6 4. Bg2 Bf5 5. 0-0 e6 6. c4 Be7 7. Nbd2 0-0 8. b3 Nbd7 9. Bb2 h6 10. Qc1 b5 11. Ne5 Rc8 12. Nxd7 Qxd7 13. c5 a5 14. a3 Ne4 15. f3 Nf6 16. Qc3 Ra8 17. e4 dxe4 18. fxe4 Bg6 19. h3 a4 20. b4 Rad8 21. Rad1 Qc7 22. Qe3 Bh5 23. g4 Bg6 24. Qf4 Qd7 25. Qe5 Nh7 26. Nf3 f5 27. exf5 exf5 28. Rfe1 fxg4 29. hxg4 Bf6 30. Qe6+ Rf7 31. Qxd7 Rfxd7 32. Ne5 Bxe5 33. Rxe5 Rc7 34. d5 cxd5 35. Rexd5 Re8 36. Rd8 Nf6 37. Bxf6 gxf6 38. R1d6 Kg7 39. R8d7+ Re7 40. Rxc7 Rxc7 41. Bd5 Be8 42. Be6 Kf8 43. Bf5 Ke7 44. Re6+ Kf7 45. Rb6 Re7 46. Kf2 Rc7 47. Bd3 Bd7 48. Kf3 Be6 49. Bxb5 Bb3 50. Ra6 1-0

[Event "Ricany op"]
[Site "Ricany"]
[Date "2010.08.27"]
[Round "8"]
[White "Mrna, Vladimir"]
[Black "Paukert, Jan"]
[Result "0-1"]
[WhiteElo "2043"]
[BlackElo "1928"]
[PlyCount "36"]
[EventDate "2010.08.21"]
[EventType "swiss"]
[EventRounds "9"]
[EventCountry "CZE"]
[SourceTitle "EXT 2022"]
[Source "ChessBase"]
[SourceDate "2021.10.06"]
[SourceVersion "1"]
[SourceVersionDate "2021.10.06"]
[SourceQuality "1"]

1. Nf3 d5 2. c4 d4 3. b4 g6 4. e3 e5 5. exd4 exd4 6. a3 Bg7 7. d3 Ne7 8. g3 b6 9. Bg2 Bb7 10. 0-0 0-0 11. Bf4 Nd7 12. Re1 Re8 13. Ra2 Nf8 14. Rae2 Ne6 15. Rxe6 fxe6 16. Ng5 Bxg2 17. Nxe6 Qd7 18. Nxc7 Bb7 0-1

[Event "Ricany op"]
[Site "Ricany"]
[Date "2010.08.22"]
[Round "2"]
[White "Skalicky, Tomas"]
[Black "Paukert, Jan"]
[Result "1/2-1/2"]
[WhiteElo "1809"]
[BlackElo "1928"]
[PlyCount "73"]
[EventDate "2010.08.21"]
[EventType "swiss"]
[EventRounds "9"]
[EventCountry "CZE"]
[SourceTitle "EXT 2022"]
[Source "ChessBase"]
[SourceDate "2021.10.06"]
[SourceVersion "1"]
[SourceVersionDate "2021.10.06"]
[SourceQuality "1"]

1. e4 e5 2. Nc3 Nc6 3. Bc4 Nf6 4. d3 Na5 5. Bb3 Nxb3 6. axb3 c6 7. Nf3 d6 8. d4 Bg4 9. dxe5 Bxf3 10. Qxf3 dxe5 11. 0-0 g6 12. Rd1 Qe7 13. Be3 a6 14. Na4 Rd8 15. Rxd8+ Qxd8 16. Rd1 Qe7 17. Bc5 Qe6 18. Bxf8 Kxf8 19. Nc5 Qe7 20. Nxb7 Kg7 21. Na5 Qb4 22. Nc4 Rd8 23. c3 Rxd1+ 24. Qxd1 Qc5 25. Qd3 Qb5 26. Qc2 Qc5 27. Qd3 Qb5 28. Qc2 Qc5 29. h3 Nh5 30. Kh2 Nf4 31. g3 Ne6 32. Ne3 Qd6 33. Nc4 Qc5 34. Ne3 Qd6 35. b4 f6 36. Kg2 Qd7 37. h4 1/2-1/2

[Event "Harrachov op-A"]
[Site "Harrachov"]
[Date "2009.10.27"]
[Round "4"]
[White "Paukert, Jan"]
[Black "Hubacek, Ondrej"]
[Result "1/2-1/2"]
[WhiteElo "1921"]
[BlackElo "1956"]
[PlyCount "41"]
[EventDate "2009.10.24"]
[EventType "swiss"]
[EventRounds "9"]
[EventCountry "CZE"]
[SourceTitle "EXT 2012"]
[Source "ChessBase"]
[SourceDate "2011.11.24"]
[SourceVersion "1"]
[SourceVersionDate "2011.11.24"]
[SourceQuality "1"]

1. d4 Nf6 2. Nf3 e6 3. g3 b5 4. Bg2 Bb7 5. 0-0 c5 6. c4 bxc4 7. dxc5 Bxc5 8. Qa4 0-0 9. Qxc4 d6 10. Nc3 Nbd7 11. b4 Bb6 12. Qd3 d5 13. Bf4 Qe7 14. Bd2 e5 15. Nh4 e4 16. Qb1 Rac8 17. Qb3 Rfd8 18. Na4 Bc7 19. Nf5 Qe8 20. Rac1 Bb8 21. Be3 1/2-1/2

[Event "Harrachov op-A"]
[Site "Harrachov"]
[Date "2009.10.24"]
[Round "1"]
[White "Srejber, Michal"]
[Black "Paukert, Jan"]
[Result "0-1"]
[WhiteElo "2144"]
[BlackElo "1921"]
[PlyCount "70"]
[EventDate "2009.10.24"]
[EventType "swiss"]
[EventRounds "9"]
[EventCountry "CZE"]
[SourceTitle "EXT 2012"]
[Source "ChessBase"]
[SourceDate "2011.11.24"]
[SourceVersion "1"]
[SourceVersionDate "2011.11.24"]
[SourceQuality "1"]

1. e4 e5 2. Nf3 Nc6 3. Bc4 Nf6 4. d3 Be7 5. Nc3 d6 6. Ne2 Na5 7. Bb3 Nxb3 8. axb3 h6 9. c4 0-0 10. h3 c6 11. Be3 a6 12. g4 Nh7 13. Ng3 Ng5 14. h4 Nxf3+ 15. Qxf3 d5 16. Nf5 Bb4+ 17. Ke2 dxe4 18. dxe4 Bxf5 19. gxf5 Qf6 20. Rag1 Rfd8 21. Bg5 hxg5 22. hxg5 Rd2+ 23. Kf1 Qd6 24. Kg2 Bc5 25. Rf1 Qd3 26. f6 Qxf3+ 27. Kxf3 Rad8 28. Kg3 R8d3+ 29. f3 Be3 30. b4 Bxg5 31. Kg4 Bxf6 32. Kf5 Rd6 33. Rfg1 g6+ 34. Kg4 Rxb2 35. c5 Rdd2 0-1

[Event "CZE-ch Juniors op-A"]
[Site "Kouty nad Desnou"]
[Date "2009.03.13"]
[Round "8"]
[White "Paukert, Jan"]
[Black "Matejka, Vladimir"]
[Result "1/2-1/2"]
[WhiteElo "1896"]
[BlackElo "2002"]
[PlyCount "27"]
[EventDate "2009.03.07"]
[EventType "swiss"]
[EventRounds "9"]
[EventCountry "CZE"]
[SourceTitle "EXT 2011"]
[Source "ChessBase"]
[SourceDate "2010.11.26"]
[SourceVersion "1"]
[SourceVersionDate "2010.11.26"]
[SourceQuality "1"]

1. d4 d5 2. Nf3 Nf6 3. g3 c6 4. Bg2 Bf5 5. 0-0 e6 6. b3 Be7 7. Nbd2 h6 8. c4 Nbd7 9. Bb2 0-0 10. e3 Re8 11. Re1 Ne4 12. Nxe4 Bxe4 13. Nd2 Bxg2 14. Kxg2 1/2-1/2

[Event "CZE-ch Juniors op-A"]
[Site "Kouty nad Desnou"]
[Date "2009.03.12"]
[Round "7"]
[White "Dvorak, Vladimir"]
[Black "Paukert, Jan"]
[Result "1/2-1/2"]
[WhiteElo "2033"]
[BlackElo "1896"]
[PlyCount "80"]
[EventDate "2009.03.07"]
[EventType "swiss"]
[EventRounds "9"]
[EventCountry "CZE"]
[SourceTitle "EXT 2011"]
[Source "ChessBase"]
[SourceDate "2010.11.26"]
[SourceVersion "1"]
[SourceVersionDate "2010.11.26"]
[SourceQuality "1"]

1. e4 e5 2. Nf3 Nc6 3. Bb5 a6 4. Ba4 Nf6 5. d4 exd4 6. 0-0 Be7 7. Re1 b5 8. e5 Nxe5 9. Rxe5 bxa4 10. Nxd4 0-0 11. Nf5 Re8 12. Bg5 d6 13. Nxe7+ Rxe7 14. Bxf6 gxf6 15. Rxe7 Qxe7 16. Nc3 a3 17. Nd5 Qe5 18. f4 Qxb2 19. Rb1 Qxa2 20. Rb3 Be6 21. Nxf6+ Kf8 22. Qf3 Qa1+ 23. Kf2 Qd4+ 24. Re3 Qxf6 25. Qxa8+ Ke7 26. Rxa3 Qxf4+ 27. Qf3 Qxh2 28. Rxa6 Qh4+ 29. Ke3 Qc4 30. Rc6 Qb5 31. Rxc7+ Kd8 32. Qb7 Qg5+ 33. Kd3 Qf5+ 34. Ke2 Qh5+ 35. Kd3 Qf5+ 36. Ke2 Qe5+ 37. Kd3 Qg3+ 38. Kd2 Qf2+ 39. Kc1 Qe3+ 40. Kb2 Qd4+ 1/2-1/2

[Event "CZE-ch Juniors op-A"]
[Site "Kouty nad Desnou"]
[Date "2009.03.07"]
[Round "1"]
[White "Kratochvil, Josef"]
[Black "Paukert, Jan"]
[Result "1-0"]
[WhiteElo "2133"]
[BlackElo "1896"]
[PlyCount "95"]
[EventDate "2009.03.07"]
[EventType "swiss"]
[EventRounds "9"]
[EventCountry "CZE"]
[SourceTitle "EXT 2011"]
[Source "ChessBase"]
[SourceDate "2010.11.26"]
[SourceVersion "1"]
[SourceVersionDate "2010.11.26"]
[SourceQuality "1"]

1. d4 Nf6 2. c4 g6 3. Nc3 d5 4. Nf3 Bg7 5. Bg5 Ne4 6. cxd5 Nxc3 7. bxc3 Qxd5 8. Bf4 c5 9. e3 cxd4 10. cxd4 Nc6 11. Be2 0-0 12. 0-0 b6 13. Rc1 Bb7 14. Bc4 Qd7 15. Qe2 a6 16. Rfd1 b5 17. Ne5 Nxe5 18. dxe5 Qe8 19. Bb3 Rc8 20. e6 f5 21. Qd3 Rxc1 22. Rxc1 g5 23. Bg3 Be4 24. Qd7 f4 25. exf4 gxf4 26. Qxe8 Rxe8 27. Bxf4 Bf6 28. Be3 h5 29. f3 Bd3 30. Kf2 Be5 31. Rc5 Bd6 32. Rg5+ Kh7 33. Rxh5+ Kg6 34. g4 Rc8 35. f4 Rg8 36. f5+ Kf6 37. Bd4+ Be5 38. Bxe5+ Kxe5 39. Ke3 Bb1 40. h3 Rd8 41. Rh7 Rd3+ 42. Ke2 Rg3 43. Rxe7 Rxh3 44. Rd7 Rh2+ 45. Ke3 Rh3+ 46. Kf2 Be4 47. e7 Kf4 48. e8Q 1-0

[Event "Sec Svetla op"]
[Site "Sec u Chrudimi"]
[Date "2008.10.29"]
[Round "6"]
[White "Paukert, Jan"]
[Black "Valenta, Petr"]
[Result "0-1"]
[WhiteElo "1864"]
[BlackElo "1905"]
[PlyCount "70"]
[EventDate "2008.10.25"]
[EventType "swiss"]
[EventRounds "9"]
[EventCountry "CZE"]
[SourceTitle "EXT 2023"]
[Source "ChessBase"]
[SourceDate "2022.10.05"]
[SourceVersion "1"]
[SourceVersionDate "2022.10.05"]
[SourceQuality "1"]

1. d4 d5 2. Nf3 Nf6 3. g3 Bg4 4. Bg2 Nc6 5. Ne5 h6 6. c4 e6 7. 0-0 Bd6 8. Nxg4 Nxg4 9. e4 h5 10. exd5 exd5 11. Bxd5 Qd7 12. Re1+ Kf8 13. Bxc6 Qxc6 14. b3 Nxh2 15. d5 Qd7 16. Ba3 h4 17. Re3 hxg3 18. Bxd6+ Qxd6 19. Rxg3 Qh6 20. Kg2 f5 21. Qd3 Qf6 22. Qc3 Qe7 23. Nd2 Ng4 24. Nf3 Qe2 25. Qd4 Rh6 26. Re1 Qxa2 27. Rxg4 fxg4 28. Ng5 Kg8 29. Ne6 Rf6 30. Qe3 Qc2 31. Re2 Qf5 32. Nd4 Qh5 33. Re1 Raf8 34. Rf1 Rh6 35. Qg3 Rf3 0-1

[Event "Sec Svetla op"]
[Site "Sec u Chrudimi"]
[Date "2008.10.27"]
[Round "3"]
[White "Bilek, Vlastimil"]
[Black "Paukert, Jan"]
[Result "1-0"]
[WhiteElo "1626"]
[BlackElo "1864"]
[PlyCount "93"]
[EventDate "2008.10.25"]
[EventType "swiss"]
[EventRounds "9"]
[EventCountry "CZE"]
[SourceTitle "EXT 2023"]
[Source "ChessBase"]
[SourceDate "2022.10.05"]
[SourceVersion "1"]
[SourceVersionDate "2022.10.05"]
[SourceQuality "1"]

1. e4 e5 2. Nf3 Nc6 3. Bb5 a6 4. Ba4 Nf6 5. 0-0 b5 6. Bb3 Bc5 7. c3 d6 8. Qe2 Bg4 9. h3 Bh5 10. d3 Na5 11. Bc2 Bb6 12. Be3 c5 13. Nbd2 Nc6 14. Rfd1 h6 15. a3 a5 16. Nf1 0-0 17. Ng3 Bg6 18. Nh4 Nxe4 19. dxe4 Qxh4 20. Qxb5 Nd4 21. cxd4 cxd4 22. Bxh6 Rab8 23. Bc1 Rfc8 24. Qe2 d5 25. Nf5 Qf6 26. Bd3 Bxf5 27. exf5 e4 28. Bb1 Qxf5 29. Qg4 Qf6 30. Bg5 Qg6 31. Bf4 Qxg4 32. hxg4 Rb7 33. Ba2 Rd8 34. Be5 d3 35. Kf1 Re7 36. Bf4 g6 37. Bg5 f6 38. Bxf6 Rf7 39. Bxd8 Rxf2+ 40. Ke1 Re2+ 41. Kf1 Rf2+ 42. Kg1 Bd4 43. Bxd5+ Kg7 44. Kh1 Re2 45. Bxa5 Bxb2 46. Ra2 Bc3 47. Bxc3+ 1-0

[Event "Sec Svetla op"]
[Site "Sec u Chrudimi"]
[Date "2008.10.26"]
[Round "2"]
[White "Paukert, Jan"]
[Black "Bartos, Alois"]
[Result "0-1"]
[WhiteElo "1864"]
[BlackElo "2067"]
[PlyCount "55"]
[EventDate "2008.10.25"]
[EventType "swiss"]
[EventRounds "9"]
[EventCountry "CZE"]
[SourceTitle "EXT 2023"]
[Source "ChessBase"]
[SourceDate "2022.10.05"]
[SourceVersion "1"]
[SourceVersionDate "2022.10.05"]
[SourceQuality "1"]

1. d4 Nf6 2. Nf3 c5 3. g3 d5 4. Bg2 cxd4 5. Nxd4 e5 6. Nb3 Nc6 7. Bg5 Be6 8. Bxf6 gxf6 9. 0-0 f5 10. c3 h5 11. e3 h4 12. f4 hxg3 13. hxg3 Qb6 14. Kf2 0-0-0 15. Qe2 Bd6 16. Ke1 Rdg8 17. Qf2 a5 18. Kd1 a4 19. fxe5 Nxe5 20. Nd4 Nd3 21. Qe2 Nxb2+ 22. Kc1 Nc4 23. Nxf5 Rh2 24. Nxd6+ Qxd6 25. Rh1 Qxg3 26. Rxh2 Qxh2 27. Bf3 Rg1+ 28. Kc2 0-1

[Event "Sec op-A"]
[Site "Sec u Chrudimi"]
[Date "2007.10.24"]
[Round "6"]
[White "Halla, Jiri"]
[Black "Paukert, Jan"]
[Result "1/2-1/2"]
[WhiteElo "1834"]
[BlackElo "1923"]
[PlyCount "47"]
[EventDate "2007.10.20"]
[EventType "swiss"]
[EventRounds "9"]
[EventCountry "CZE"]
[SourceTitle "EXT 2022"]
[Source "ChessBase"]
[SourceDate "2021.10.06"]
[SourceVersion "1"]
[SourceVersionDate "2021.10.06"]
[SourceQuality "1"]

1. b3 e5 2. Bb2 f6 3. c4 d5 4. cxd5 Qxd5 5. Nc3 Qd8 6. g3 Be6 7. Bg2 c6 8. e3 Bb4 9. Nge2 Ne7 10. 0-0 0-0 11. d4 Nd7 12. Rc1 exd4 13. Nxd4 Bf7 14. Qd3 Ne5 15. Qc2 Bxc3 16. Bxc3 Nd5 17. Rfd1 Nxc3 18. Qxc3 Qe7 19. Nf3 Nxf3+ 20. Bxf3 Rad8 21. Qc2 Bg6 22. Qc4+ Bf7 23. Qc2 Bg6 24. Qc4+ 1/2-1/2

[Event "Sec op-A"]
[Site "Sec u Chrudimi"]
[Date "2007.10.22"]
[Round "4"]
[White "Haman, Martin"]
[Black "Paukert, Jan"]
[Result "1/2-1/2"]
[WhiteElo "1852"]
[BlackElo "1923"]
[PlyCount "31"]
[EventDate "2007.10.20"]
[EventType "swiss"]
[EventRounds "9"]
[EventCountry "CZE"]
[SourceTitle "EXT 2022"]
[Source "ChessBase"]
[SourceDate "2021.10.06"]
[SourceVersion "1"]
[SourceVersionDate "2021.10.06"]
[SourceQuality "1"]

1. e4 e5 2. Nf3 Nc6 3. Bb5 a6 4. Ba4 Nf6 5. 0-0 b5 6. Bb3 Bc5 7. c3 d6 8. d3 0-0 9. Bg5 h6 10. Bh4 Bb7 11. a4 b4 12. d4 Bb6 13. d5 Na5 14. Bxf6 Qxf6 15. cxb4 Nxb3 16. Qxb3 1/2-1/2